000 00415nam a2200157 i 4500
001 92114
003 ES-MaACL
005 20230906180912.0
007 t|
008 050221s1960 cu ||||1| spa d
100 1 _aLezama Lima, José.
_972118
245 1 0 _aDador /
_cJosé Lezama Lima.
260 _aLa Habana :
_b[s.n.],
_c1960 (
_fImp. Ucar)
300 _a193 p. ;
_c19 cm.
852 _aES-MaACL
_jC-2235
_bR.47695
999 _c92114
_d92114